[Event "SVK-chT2A 1819"]
[Site "Slovakia"]
[Date "2018.10.14"]
[Round "2.3"]
[White "Paulovic, Martin"]
[Black "Sefcik, Marek"]
[Result "1/2-1/2"]
[WhiteElo "2061"]
[BlackElo "2010"]
[PlyCount "35"]
[EventDate "2018.10.13"]
[EventType "team-tourn"]
[EventRounds "11"]
[EventCountry "SVK"]
[SourceTitle "CBM 189 Extra"]
[Source "ChessBase"]
[SourceDate "2019.06.03"]
[SourceVersion "1"]
[SourceVersionDate "2019.06.03"]
[SourceQuality "1"]
[WhiteTeam "Pezinok"]
[BlackTeam "Skalica"]
[WhiteTeamCountry "SVK"]
[BlackTeamCountry "SVK"]

1. e4 d5 2. exd5 Qxd5 3. Nc3 Qd6 4. Nf3 Bg4 5. Be2 Nf6 6. h3 Bxf3 7. Bxf3 c6 8. d4 e6 9. 0-0 Nbd7 10. a3 Be7 11. Re1 0-0 12. Bg5 Rfe8 13. Na4 Nd5 14. Bxe7 Nxe7 15. Qd3 Rad8 16. Rad1 b5 17. Nc3 Nf6 18. Ne4 1/2-1/2

[Event "Tatry op"]
[Site "Tatranska Lomnica"]
[Date "2017.10.15"]
[Round "9"]
[White "Paulovic, Martin"]
[Black "Belus, Benjamin"]
[Result "1-0"]
[WhiteElo "2045"]
[BlackElo "1941"]
[PlyCount "83"]
[EventDate "2017.10.08"]
[EventType "swiss"]
[EventRounds "9"]
[EventCountry "SVK"]
[SourceTitle "CBM 181 Extra"]
[Source "ChessBase"]
[SourceDate "2017.12.12"]
[SourceVersion "1"]
[SourceVersionDate "2017.12.12"]
[SourceQuality "1"]

1. d4 d5 2. Nf3 Nf6 3. c4 e6 4. Nc3 Nbd7 5. g3 Bb4 6. Qc2 Ne4 7. a3 Bxc3+ 8. bxc3 f5 9. cxd5 exd5 10. Bg2 0-0 11. 0-0 b6 12. Bb2 Ba6 13. a4 Bc4 14. a5 a6 15. Ba3 Rf6 16. Ne5 b5 17. Nxc4 bxc4 18. f3 Ng5 19. h4 Nf7 20. e4 f4 21. g4 Rh6 22. h5 g6 23. e5 gxh5 24. Qf5 Qe8 25. Rae1 Nf8 26. Bxf8 Qxf8 27. gxh5 Nd8 28. Qg5+ Kh8 29. Bh3 Ne6 30. Bxe6 Rxe6 31. Kf2 Rb8 32. Re2 Rb3 33. Rg1 Rxc3 34. Rg4 Rd3 35. Rxf4 Qg8 36. Qf5 Rd1 37. Rg4 Qe8 38. Rb2 c3 39. Qxe6 Rd2+ 40. Kg3 Qf8 41. Qf6+ Qxf6 42. Rb8+ 1-0

[Event "CZE-chT2A 1617"]
[Site "Czech Republic"]
[Date "2016.10.30"]
[Round "2.6"]
[White "Paulovic, Martin"]
[Black "Contos, Vaclav"]
[Result "1/2-1/2"]
[WhiteElo "2055"]
[BlackElo "2129"]
[PlyCount "92"]
[EventDate "2016.10.09"]
[EventType "team-tourn"]
[EventRounds "11"]
[EventCountry "CZE"]
[SourceTitle "EXT 2022"]
[Source "ChessBase"]
[SourceDate "2021.10.06"]
[SourceVersion "1"]
[SourceVersionDate "2021.10.06"]
[SourceQuality "1"]
[WhiteTeam "Praha Kobylisy"]
[BlackTeam "Karlovy Vary Tietz"]
[WhiteTeamCountry "CZE"]
[BlackTeamCountry "CZE"]

1. e4 c6 2. d4 d5 3. Nc3 dxe4 4. Nxe4 Nd7 5. Nf3 Ngf6 6. Ng3 e6 7. c3 c5 8. Bd3 cxd4 9. Nxd4 Bc5 10. Nb3 Be7 11. 0-0 0-0 12. Qe2 Qc7 13. Re1 Rd8 14. Bc2 Nf8 15. Bg5 Bd7 16. Nh5 Bc6 17. Nxf6+ Bxf6 18. Bxf6 gxf6 19. Qg4+ Ng6 20. Rad1 Qf4 21. Qg3 Qxg3 22. hxg3 Ba4 23. Be4 Bc6 24. Bxc6 bxc6 25. Na5 Ne7 26. Nb7 Rxd1 27. Rxd1 Nd5 28. c4 Nb6 29. b3 Kf8 30. Rd6 Rc8 31. Na5 c5 32. Nc6 Rc7 33. Rd8+ Kg7 34. Nb8 f5 35. a4 a5 36. Rd6 Nc8 37. Rd7 Rxd7 38. Nxd7 Ne7 39. Nxc5 Nc6 40. Kf1 Kf6 41. f4 Ke7 42. Kf2 Kd6 43. Nb7+ Kc7 44. Nc5 Kd6 45. Nb7+ Kc7 46. Nc5 Kd6 1/2-1/2

[Event "CZE-chT2A 1617"]
[Site "Czech Republic"]
[Date "2016.10.09"]
[Round "1.6"]
[White "Jaros, Martin"]
[Black "Paulovic, Martin"]
[Result "1-0"]
[WhiteElo "2237"]
[BlackElo "2055"]
[PlyCount "51"]
[EventDate "2016.10.09"]
[EventType "team-tourn"]
[EventRounds "11"]
[EventCountry "CZE"]
[SourceTitle "EXT 2022"]
[Source "ChessBase"]
[SourceDate "2021.10.06"]
[SourceVersion "1"]
[SourceVersionDate "2021.10.06"]
[SourceQuality "1"]
[WhiteTeam "Kozolupy"]
[BlackTeam "Praha Kobylisy"]
[WhiteTeamCountry "CZE"]
[BlackTeamCountry "CZE"]

1. e4 c5 2. c3 d5 3. exd5 Qxd5 4. d4 cxd4 5. cxd4 Nc6 6. Nf3 Bg4 7. Nc3 Qa5 8. Be2 0-0-0 9. Be3 e5 10. Nxe5 Bxe2 11. Qxe2 Nxe5 12. dxe5 Kb8 13. 0-0 Bc5 14. a3 Bxe3 15. Qxe3 Ne7 16. Rad1 Nc6 17. f4 Rhe8 18. b4 Qxa3 19. b5 Rxd1 20. Rxd1 Ne7 21. Qd3 Qc5+ 22. Kh1 Nc8 23. Ne4 Qb6 24. Qd5 Qe3 25. Nd6 Nxd6 26. Qxd6+ 1-0

[Event "Tatry op"]
[Site "Tatranske Zruby"]
[Date "2016.09.24"]
[Round "1"]
[White "Sarkozy, Ladislav"]
[Black "Paulovic, Martin"]
[Result "1-0"]
[WhiteElo "2291"]
[BlackElo "2067"]
[PlyCount "33"]
[EventDate "2016.09.24"]
[EventType "swiss"]
[EventRounds "9"]
[EventCountry "SVK"]
[SourceTitle "CBM 174 Extra"]
[Source "ChessBase"]
[SourceDate "2016.10.10"]
[SourceVersion "1"]
[SourceVersionDate "2016.10.10"]
[SourceQuality "1"]

1. d4 d5 2. Nf3 Nf6 3. c4 c6 4. Nc3 Bf5 5. cxd5 Nxd5 6. e3 e6 7. Bd3 Bxd3 8. Qxd3 Qb6 9. 0-0 Qa6 10. Qc2 Nd7 11. e4 Nb4 12. Qb3 Be7 13. Be3 0-0 14. a3 Nd3 15. Rad1 e5 16. Qc2 Nf4 17. dxe5 1-0

[Event "CZE-chT1W 1516"]
[Site "Czech Republic"]
[Date "2015.10.11"]
[Round "1.5"]
[White "Marikova, Jana"]
[Black "Paulovic, Martin"]
[Result "1/2-1/2"]
[WhiteElo "2148"]
[BlackElo "2063"]
[PlyCount "98"]
[EventDate "2015.10.11"]
[EventType "team-tourn"]
[EventRounds "11"]
[EventCountry "CZE"]
[SourceTitle "CBM 169 Extra"]
[Source "ChessBase"]
[SourceDate "2015.12.18"]
[SourceVersion "1"]
[SourceVersionDate "2015.12.18"]
[SourceQuality "1"]
[WhiteTeam "Ceske Budejovice"]
[BlackTeam "Praha Kobylisy"]
[WhiteTeamCountry "CZE"]
[BlackTeamCountry "CZE"]

1. d4 Nf6 2. c4 c5 3. d5 b5 4. cxb5 a6 5. b6 Qxb6 6. Nc3 d6 7. Nf3 g6 8. Nd2 Bg7 9. e4 0-0 10. Be2 Nbd7 11. Nc4 Qc7 12. a4 a5 13. 0-0 Nb6 14. Na3 Bd7 15. Re1 Qc8 16. h3 Ne8 17. Bg5 f6 18. Bh4 Bh6 19. Bg3 c4 20. Qd4 Rb8 21. Nab5 Bg7 22. Qe3 Nc7 23. Nxc7 Qxc7 24. f4 Nc8 25. Ra2 Rb4 26. Bd1 Qb6 27. Qxb6 Rxb6 28. Bf2 Rb4 29. Bd4 Bh6 30. Ne2 Rb7 31. Bc3 Ra7 32. Rf1 Nb6 33. Nd4 Rc8 34. Bc2 Bg7 35. Re1 Bh6 36. Ne2 f5 37. Bd4 Rb7 38. exf5 gxf5 39. Nc3 Re8 40. g3 Bg7 41. Bxg7 Kxg7 42. Bd1 Kf6 43. Kf2 Rg8 44. Bf3 Rc7 45. Raa1 Rb7 46. Re2 Rgb8 47. g4 Nc8 48. Ra2 Rb4 49. Rd2 Nb6 1/2-1/2

[Event "Tatry op"]
[Site "Tatranske Zruby"]
[Date "2015.09.28"]
[Round "4"]
[White "Bartos, Jan"]
[Black "Paulovic, Martin"]
[Result "1-0"]
[WhiteElo "2222"]
[BlackElo "2063"]
[PlyCount "41"]
[EventDate "2015.09.26"]
[EventType "swiss"]
[EventRounds "9"]
[EventCountry "SVK"]
[SourceTitle "CBM 168 Extra"]
[Source "ChessBase"]
[SourceDate "2015.10.29"]
[SourceVersion "1"]
[SourceVersionDate "2015.10.29"]
[SourceQuality "1"]

1. d4 Nf6 2. c4 e6 3. Nf3 b6 4. g3 Ba6 5. Qc2 d5 6. cxd5 exd5 7. Bg2 Bd6 8. 0-0 0-0 9. Nc3 Re8 10. Re1 Bb4 11. Bd2 c6 12. Ne5 Nfd7 13. Nd3 Bf8 14. Nxd5 Nf6 15. Nxf6+ Qxf6 16. Bc3 Qg6 17. e4 Nd7 18. Nf4 Qg5 19. e5 Bb7 20. e6 Nf6 21. h4 1-0

[Event "Tatry op"]
[Site "Tatranske Zruby"]
[Date "2015.09.26"]
[Round "1"]
[White "Jablonicky, Martin"]
[Black "Paulovic, Martin"]
[Result "1-0"]
[WhiteElo "2202"]
[BlackElo "2063"]
[PlyCount "55"]
[EventDate "2015.09.26"]
[EventType "swiss"]
[EventRounds "9"]
[EventCountry "SVK"]
[SourceTitle "CBM 168 Extra"]
[Source "ChessBase"]
[SourceDate "2015.10.29"]
[SourceVersion "1"]
[SourceVersionDate "2015.10.29"]
[SourceQuality "1"]

1. e4 e5 2. Nf3 Nf6 3. Nxe5 d6 4. Nf3 Nxe4 5. d4 d5 6. Bd3 Bd6 7. 0-0 0-0 8. c4 c6 9. Qc2 Re8 10. cxd5 cxd5 11. Nc3 Nc6 12. Nxe4 Nb4 13. Qb1 dxe4 14. Bxe4 h6 15. Bd2 Bg4 16. h3 Bxf3 17. Bxf3 Qb6 18. Bc3 Rad8 19. a3 Nc6 20. Bxc6 Qxc6 21. Re1 Bc7 22. Qf5 Qd6 23. g3 Bb6 24. Qb5 Rxe1+ 25. Rxe1 Bxd4 26. Re8+ Rxe8 27. Qxe8+ Kh7 28. Qe4+ 1-0

[Event "Tatry op"]
[Site "Tatranske Zruby"]
[Date "2014.09.28"]
[Round "1"]
[White "Malik, Jan"]
[Black "Paulovic, Martin"]
[Result "1-0"]
[WhiteElo "2253"]
[BlackElo "2102"]
[PlyCount "67"]
[EventDate "2014.09.28"]
[EventType "swiss"]
[EventRounds "9"]
[EventCountry "SVK"]
[SourceTitle "CBM 162 Extra"]
[Source "ChessBase"]
[SourceDate "2014.10.17"]
[SourceVersion "1"]
[SourceVersionDate "2014.10.17"]
[SourceQuality "1"]

1. e4 e6 2. d4 d5 3. Nc3 Nf6 4. Bg5 Be7 5. e5 Nfd7 6. h4 c5 7. Bxe7 Kxe7 8. Qd2 Kf8 9. dxc5 Nc6 10. 0-0-0 Qa5 11. Kb1 Qxc5 12. f4 Nb6 13. Nf3 h5 14. Nb5 g6 15. Nd6 a5 16. Ng5 f6 17. Nxc8 fxg5 18. Nxb6 Qxb6 19. hxg5 Kg7 20. Bd3 Ne7 21. Rh4 a4 22. a3 Qd4 23. g3 Nf5 24. Bxf5 Qxd2 25. Rxd2 gxf5 26. Rd4 b5 27. Rb4 Rab8 28. Rh2 Kg6 29. b3 Rhc8 30. Kb2 axb3 31. cxb3 Rc5 32. a4 Rbc8 33. axb5 Rc3 34. b6 1-0

[Event "CZE-chT2C 1314"]
[Site "Czech Republic"]
[Date "2014.03.23"]
[Round "10.3"]
[White "Domlatil, Jiri"]
[Black "Paulovic, Martin"]
[Result "1-0"]
[WhiteElo "2149"]
[BlackElo "2129"]
[PlyCount "41"]
[EventDate "2013.11.03"]
[EventType "team-tourn"]
[EventRounds "11"]
[EventCountry "CZE"]
[SourceTitle "EXT 2015"]
[Source "ChessBase"]
[SourceDate "2014.11.20"]
[SourceVersion "1"]
[SourceVersionDate "2014.11.20"]
[SourceQuality "1"]
[WhiteTeam "Vysehrad III"]
[BlackTeam "Praha Kobylisy"]
[WhiteTeamCountry "CZE"]
[BlackTeamCountry "CZE"]

1. e4 c5 2. Nc3 Nc6 3. f4 g6 4. Nf3 Bg7 5. Bb5 a6 6. Bxc6 dxc6 7. d3 Nf6 8. 0-0 Bg4 9. Be3 Nd7 10. Qd2 Qc7 11. Qf2 Qa5 12. Nd2 Bxc3 13. Nb3 Qa4 14. bxc3 c4 15. Nc5 Nxc5 16. Bxc5 Qa5 17. f5 gxf5 18. Bb6 Qa3 19. h3 Bh5 20. exf5 f6 21. Rae1 1-0

[Event "CZE-chT2C 1314"]
[Site "Czech Republic"]
[Date "2013.12.01"]
[Round "3.6"]
[White "Husarik, Branko"]
[Black "Paulovic, Martin"]
[Result "1-0"]
[WhiteElo "2156"]
[BlackElo "2129"]
[PlyCount "63"]
[EventDate "2013.11.03"]
[EventType "team-tourn"]
[EventRounds "11"]
[EventCountry "CZE"]
[SourceTitle "EXT 2015"]
[Source "ChessBase"]
[SourceDate "2014.11.20"]
[SourceVersion "1"]
[SourceVersionDate "2014.11.20"]
[SourceQuality "1"]
[WhiteTeam "Lysa nad Labem III"]
[BlackTeam "Praha Kobylisy"]
[WhiteTeamCountry "CZE"]
[BlackTeamCountry "CZE"]

1. e4 c5 2. Nf3 e6 3. b4 cxb4 4. d4 Nf6 5. Bd3 b6 6. 0-0 Ba6 7. a3 Qc8 8. Bg5 Bc4 9. Bxc4 Qxc4 10. Ne5 Qa6 11. Bxf6 gxf6 12. Ng4 Be7 13. Qf3 Nc6 14. Nxf6+ Kd8 15. Rd1 Qc4 16. e5 Kc7 17. Nd2 Qc3 18. Qxc3 bxc3 19. Nde4 Bxf6 20. Nxf6 d5 21. Rd3 Kb7 22. Rad1 Rac8 23. Rxc3 Ne7 24. Rxc8 Rxc8 25. Nxh7 Rxc2 26. Ng5 Nf5 27. Nxf7 Nxd4 28. h4 Ne2+ 29. Kf1 Nf4 30. Ng5 Kc6 31. g3 Ng6 32. Nxe6 1-0

[Event "CZE-chT2C 1314"]
[Site "Czech Republic"]
[Date "2013.11.17"]
[Round "2.6"]
[White "Paulovic, Martin"]
[Black "Jascenko, Olga"]
[Result "1-0"]
[WhiteElo "2129"]
[BlackElo "2173"]
[PlyCount "75"]
[EventDate "2013.11.03"]
[EventType "team-tourn"]
[EventRounds "11"]
[EventCountry "CZE"]
[SourceTitle "EXT 2015"]
[Source "ChessBase"]
[SourceDate "2014.11.20"]
[SourceVersion "1"]
[SourceVersionDate "2014.11.20"]
[SourceQuality "1"]
[WhiteTeam "Praha Kobylisy"]
[BlackTeam "Postovni sporitelna III"]
[WhiteTeamCountry "CZE"]
[BlackTeamCountry "CZE"]

1. e4 c5 2. Nf3 e6 3. d4 cxd4 4. Nxd4 a6 5. Nc3 Qc7 6. Bd3 Nf6 7. f4 Bb4 8. Bd2 Bxc3 9. bxc3 d6 10. Qe2 Nbd7 11. 0-0 h5 12. Rae1 e5 13. Nf5 g6 14. Ne3 Qc5 15. Kh1 h4 16. Qf2 Nh5 17. fxe5 Ng3+ 18. Kg1 Nxf1 19. Rxf1 Nxe5 20. Qf6 Rf8 21. Qxh4 Be6 22. Kh1 Kd7 23. Rb1 Rab8 24. a4 Rh8 25. Qg3 b5 26. axb5 Nxd3 27. cxd3 Rxb5 28. Rf1 Rb2 29. d4 Qb5 30. d5 Rxd2 31. dxe6+ fxe6 32. Qxg6 Re8 33. c4 Qb2 34. c5 Rf2 35. c6+ Ke7 36. Qh7+ Kf8 37. Qh6+ Ke7 38. Qh4+ 1-0

[Event "CZE-chT2C 1314"]
[Site "Czech Republic"]
[Date "2013.11.03"]
[Round "1.5"]
[White "Paulovic, Martin"]
[Black "Novak, Petr"]
[Result "0-1"]
[WhiteElo "2129"]
[BlackElo "2210"]
[PlyCount "62"]
[EventDate "2013.11.03"]
[EventType "team-tourn"]
[EventRounds "11"]
[EventCountry "CZE"]
[SourceTitle "EXT 2015"]
[Source "ChessBase"]
[SourceDate "2014.11.20"]
[SourceVersion "1"]
[SourceVersionDate "2014.11.20"]
[SourceQuality "1"]
[WhiteTeam "Praha Kobylisy"]
[BlackTeam "Praha Dukla"]
[WhiteTeamCountry "CZE"]
[BlackTeamCountry "CZE"]

1. e4 e6 2. d4 d5 3. Nd2 Nf6 4. e5 Nfd7 5. Bd3 c5 6. c3 Nc6 7. Ne2 cxd4 8. cxd4 f6 9. exf6 Nxf6 10. 0-0 Bd6 11. Nf3 Qc7 12. Nc3 a6 13. Bg5 0-0 14. Rc1 Qf7 15. Bb1 Qh5 16. Be3 Ng4 17. h3 Nxe3 18. fxe3 Bd7 19. Na4 Rad8 20. Nc5 Bc8 21. Qd3 g6 22. Nxa6 e5 23. dxe5 Nxe5 24. Qxd5+ Kg7 25. Nxe5 Bxe5 26. Qc5 bxa6 27. Qe7+ Kg8 28. Rxf8+ Rxf8 29. Bc2 Bg7 30. Bb3+ Kh8 31. Rc7 Qe5 0-1

[Event "CZE-chT1W 1213"]
[Site "Czech Republic"]
[Date "2013.01.13"]
[Round "5.7"]
[White "Paulovic, Martin"]
[Black "Boukal, Petr"]
[Result "0-1"]
[WhiteElo "2138"]
[BlackElo "2221"]
[PlyCount "82"]
[EventDate "2012.10.28"]
[EventType "team-tourn"]
[EventRounds "11"]
[EventCountry "CZE"]
[SourceTitle "EXT 2014"]
[Source "ChessBase"]
[SourceDate "2013.11.20"]
[SourceVersion "1"]
[SourceVersionDate "2013.11.20"]
[SourceQuality "1"]
[WhiteTeam "Praha Kobylisy"]
[BlackTeam "Vysehrad"]
[WhiteTeamCountry "CZE"]
[BlackTeamCountry "CZE"]

1. e4 e6 2. d4 d5 3. Nd2 c5 4. exd5 Qxd5 5. Ngf3 cxd4 6. Bc4 Qd6 7. 0-0 Nc6 8. Re1 Nf6 9. Nb3 a6 10. Nbxd4 Nxd4 11. Nxd4 Qc7 12. Bb3 Bc5 13. Nf3 Ng4 14. Be3 Nxe3 15. fxe3 0-0 16. Kh1 b5 17. Qe2 Bb7 18. a4 Bc6 19. Nd4 bxa4 20. Bxa4 Be4 21. c3 e5 22. Nb3 Bb6 23. Nd2 Bb7 24. Bb3 Kh8 25. Nc4 f5 26. Ra4 f4 27. e4 Bc6 28. Nxb6 Qxb6 29. Rb4 Qd8 30. Be6 Rf6 31. Rd1 Qf8 32. Bg4 Rd6 33. Rb6 Rxd1+ 34. Qxd1 Bxe4 35. Qe2 Bf5 36. Bf3 Re8 37. Be4 Bxe4 38. Qxe4 Qc5 39. Rxa6 Qb5 40. Ra1 Qxb2 41. Rf1 Qxc3 0-1

[Event "CZE-chT2C 1112"]
[Site "Czech Republic"]
[Date "2011.12.04"]
[Round "4.6"]
[White "Travnik, Petr"]
[Black "Paulovic, Martin"]
[Result "0-1"]
[WhiteElo "1810"]
[BlackElo "2133"]
[PlyCount "56"]
[EventDate "2011.10.09"]
[EventType "team-tourn"]
[EventRounds "11"]
[EventCountry "CZE"]
[SourceTitle "EXT 2013"]
[Source "ChessBase"]
[SourceDate "2012.11.22"]
[SourceVersion "1"]
[SourceVersionDate "2012.11.22"]
[SourceQuality "1"]
[WhiteTeam "Turnov Zikuda III"]
[BlackTeam "Kobylisy"]
[WhiteTeamCountry "CZE"]
[BlackTeamCountry "CZE"]

1. Nf3 d5 2. d4 Nf6 3. c4 e6 4. Bg5 c6 5. Nc3 Nbd7 6. e3 Qa5 7. Qc2 Ne4 8. a3 Nxg5 9. Nxg5 dxc4 10. Nge4 b5 11. Qc1 Be7 12. Be2 Bb7 13. 0-0 0-0 14. Nd2 a6 15. Bf3 Rab8 16. Qc2 Qb6 17. b3 cxb3 18. Qxb3 c5 19. d5 c4 20. Qc2 Bf6 21. dxe6 Qxe6 22. Nce4 Bxa1 23. Rxa1 h6 24. Rd1 Qe7 25. h3 Ne5 26. Be2 Qxa3 27. Nc3 Rfd8 28. f3 Qc5 0-1

[Event "CZE-chT2B 0910"]
[Site "Czech Republic"]
[Date "2009.11.08"]
[Round "2.8"]
[White "Paulovic, Martin"]
[Black "Netusil, Jaroslav"]
[Result "1/2-1/2"]
[WhiteElo "2158"]
[BlackElo "1974"]
[PlyCount "60"]
[EventDate "2009.10.18"]
[EventType "team-tourn"]
[EventRounds "11"]
[EventCountry "CZE"]
[SourceTitle "EXT 2012"]
[Source "ChessBase"]
[SourceDate "2011.11.24"]
[SourceVersion "1"]
[SourceVersionDate "2011.11.24"]
[SourceQuality "1"]
[WhiteTeam "Praha Kobylisy"]
[BlackTeam "Neratovice"]
[WhiteTeamCountry "CZE"]
[BlackTeamCountry "CZE"]

1. e4 e5 2. Nf3 d6 3. d4 Nd7 4. Nc3 c6 5. a4 a5 6. Bc4 Be7 7. Be3 Bf6 8. Qd2 Ne7 9. dxe5 dxe5 10. 0-0-0 Qc7 11. Qd6 Qxd6 12. Rxd6 Ng6 13. Ng5 Be7 14. Rd2 0-0 15. Rhd1 Nf6 16. h3 h6 17. Nf3 Re8 18. Bb6 Kf8 19. Bc7 Bc5 20. Bd6+ Bxd6 21. Rxd6 Nh5 22. Ne2 Nhf4 23. Nxf4 Nxf4 24. Rd8 Nxg2 25. Nxe5 Bxh3 26. Rxa8 Rxa8 27. Nxf7 b5 28. axb5 cxb5 29. Bd5 Ra6 30. Nd8 Nf4 1/2-1/2

[Event "CZE-chT2A 0809"]
[Site "Czech Republic"]
[Date "2009.02.08"]
[Round "8.5"]
[White "Paulovic, Martin"]
[Black "Puncochar, Jiri"]
[Result "0-1"]
[WhiteElo "2183"]
[BlackElo "1962"]
[PlyCount "60"]
[EventDate "2008.10.12"]
[EventType "team-tourn"]
[EventRounds "11"]
[EventCountry "CZE"]
[SourceTitle "EXT 2010"]
[Source "ChessBase"]
[SourceDate "2010.11.25"]
[SourceVersion "1"]
[SourceVersionDate "2010.11.25"]
[SourceQuality "1"]
[WhiteTeam "Kobylisy"]
[BlackTeam "Ceske Budejovice II"]
[WhiteTeamCountry "CZE"]
[BlackTeamCountry "CZE"]

1. e4 e5 2. Nf3 Nc6 3. Bb5 a6 4. Ba4 Nf6 5. 0-0 Nxe4 6. d4 b5 7. Bb3 d5 8. dxe5 Be6 9. c3 Be7 10. Nd4 Nxe5 11. Nxe6 fxe6 12. Qh5+ Nf7 13. Qg4 Qd7 14. Qxg7 Nf6 15. Qg3 0-0-0 16. a4 b4 17. Bd1 Ne4 18. Qh3 Nfg5 19. Qh5 Rhg8 20. Be3 Rdf8 21. f3 Bc5 22. Bxc5 Nxc5 23. cxb4 Nd3 24. Be2 Nf4 25. Bxa6+ Kb8 26. Qh6 Qd6 27. Bb5 Ngh3+ 28. Kh1 Rxg2 29. Nc3 Rfg8 30. Qh4 Qb6 0-1

[Event "CZE-chT2A 0809"]
[Site "Czech Republic"]
[Date "2009.01.25"]
[Round "7.4"]
[White "Paulovic, Martin"]
[Black "Simek, Petr"]
[Result "0-1"]
[WhiteElo "2183"]
[BlackElo "2322"]
[PlyCount "66"]
[EventDate "2008.10.12"]
[EventType "team-tourn"]
[EventRounds "11"]
[EventCountry "CZE"]
[SourceTitle "EXT 2010"]
[Source "ChessBase"]
[SourceDate "2010.11.25"]
[SourceVersion "1"]
[SourceVersionDate "2010.11.25"]
[SourceQuality "1"]
[WhiteTeam "Kobylisy"]
[BlackTeam "Ceske Budejovice"]
[WhiteTeamCountry "CZE"]
[BlackTeamCountry "CZE"]

1. e4 e6 2. d4 d5 3. Nd2 Nf6 4. e5 Nfd7 5. c3 c5 6. Bd3 Nc6 7. Ne2 cxd4 8. cxd4 f6 9. exf6 Nxf6 10. 0-0 Bd6 11. Nf3 0-0 12. Ng3 Qb6 13. a3 Kh8 14. Bc2 Bd7 15. Rb1 Rae8 16. Bg5 e5 17. dxe5 Nxe5 18. Nxe5 Bxe5 19. Ba4 Bc6 20. Bxc6 bxc6 21. b4 h6 22. Bc1 Bd4 23. Bb2 Bxb2 24. Rxb2 c5 25. Rb3 c4 26. Rc3 Rc8 27. Re3 d4 28. Re7 Rfe8 29. Rfe1 Rxe7 30. Rxe7 c3 31. Nf5 c2 32. Qc1 d3 33. Rxg7 d2 0-1

[Event "CZE-chT2A 0809"]
[Site "Czech Republic"]
[Date "2008.10.12"]
[Round "1.5"]
[White "Paulovic, Martin"]
[Black "Erban, Tomas"]
[Result "0-1"]
[WhiteElo "2183"]
[BlackElo "2144"]
[PlyCount "94"]
[EventDate "2008.10.12"]
[EventType "team-tourn"]
[EventRounds "11"]
[EventCountry "CZE"]
[SourceTitle "EXT 2010"]
[Source "ChessBase"]
[SourceDate "2010.11.25"]
[SourceVersion "1"]
[SourceVersionDate "2010.11.25"]
[SourceQuality "1"]
[WhiteTeam "Kobylisy"]
[BlackTeam "Pisek Platan"]
[WhiteTeamCountry "CZE"]
[BlackTeamCountry "CZE"]

1. e4 c5 2. Nf3 d6 3. c3 Nf6 4. Bc4 e6 5. Qe2 Nc6 6. d3 Be7 7. 0-0 0-0 8. Bb3 b6 9. d4 Qc7 10. d5 Nd8 11. c4 e5 12. Nc3 Bg4 13. h3 Bh5 14. g4 Bg6 15. Nh4 Kh8 16. Nf5 Bxf5 17. exf5 Ng8 18. g5 f6 19. g6 h6 20. Ba4 a6 21. Bd2 Rb8 22. Rfe1 Nb7 23. Ne4 Rfd8 24. a3 Bf8 25. Rec1 Rdc8 26. Qh5 Nd8 27. Be8 Rb7 28. a4 Qe7 29. Bc6 Nxc6 30. dxc6 Rxc6 31. Qf3 Qd7 32. Rd1 Rc8 33. Be3 Qc6 34. Qg4 Rd8 35. a5 Rdb8 36. Rd5 bxa5 37. Rad1 Rb6 38. Bd2 Rxb2 39. Bxa5 Rb1 40. Nc3 Rxd1+ 41. Qxd1 Qc8 42. Qd3 Rb3 43. Qc2 Ra3 44. Bb6 Qb8 45. Nb1 Rxh3 46. Kg2 Rh5 47. Ba5 Ne7 0-1

[Event "CZE-chT2a 0607"]
[Site "Czech Republic"]
[Date "2007.03.11"]
[Round "9.4"]
[White "Paulovic, Martin"]
[Black "Bostl, Frantisek"]
[Result "1-0"]
[WhiteElo "2186"]
[BlackElo "2183"]
[PlyCount "77"]
[EventDate "2006.10.15"]
[EventType "team"]
[EventRounds "11"]
[EventCountry "CZE"]
[SourceTitle "EXT 2009"]
[Source "ChessBase"]
[SourceDate "2008.11.26"]
[SourceVersion "1"]
[SourceVersionDate "2008.11.26"]
[SourceQuality "1"]
[WhiteTeam "Kobylisy"]
[BlackTeam "Ceske Budejovice"]
[WhiteTeamCountry "CZE"]
[BlackTeamCountry "CZE"]

1. e4 c5 2. Nf3 e6 3. d4 cxd4 4. Nxd4 Nf6 5. Bd3 Nc6 6. Nxc6 dxc6 7. 0-0 e5 8. Qe2 Bc5 9. h3 h6 10. a4 a5 11. Na3 Be6 12. Nc4 Qc7 13. Bd2 b6 14. Bc3 Bxc4 15. Bxc4 0-0 16. Rad1 Rad8 17. Qf3 Rfe8 18. g4 Qe7 19. h4 Nd7 20. Qf5 Qf6 21. g5 hxg5 22. hxg5 Qxf5 23. exf5 Kf8 24. Rfe1 f6 25. g6 Ke7 26. Kg2 Bb4 27. Bxb4+ axb4 28. Bf7 Rh8 29. Re4 Rh5 30. Rxb4 Rg5+ 31. Kf1 Rxf5 32. a5 b5 33. Rh4 Ra8 34. b4 Nf8 35. Rh8 Rg5 36. Rg8 Rg4 37. c3 c5 38. Rxg7 cxb4 39. Bd5+ 1-0

[Event "CZE-chT2a 0607"]
[Site "Czech Republic"]
[Date "2006.11.19"]
[Round "3.5"]
[White "Simunek, Filip"]
[Black "Paulovic, Martin"]
[Result "1/2-1/2"]
[WhiteElo "2081"]
[BlackElo "2186"]
[PlyCount "91"]
[EventDate "2006.10.15"]
[EventType "team"]
[EventRounds "11"]
[EventCountry "CZE"]
[SourceTitle "EXT 2009"]
[Source "ChessBase"]
[SourceDate "2008.11.26"]
[SourceVersion "1"]
[SourceVersionDate "2008.11.26"]
[SourceQuality "1"]
[WhiteTeam "Plzen IC"]
[BlackTeam "Kobylisy"]
[WhiteTeamCountry "CZE"]
[BlackTeamCountry "CZE"]

1. d4 Nf6 2. Nf3 d5 3. g3 Bf5 4. Bg2 e6 5. c4 dxc4 6. Nc3 c6 7. Ne5 Bb4 8. 0-0 Nbd7 9. Nxc4 0-0 10. Qb3 a5 11. a3 Bxc3 12. bxc3 Be4 13. f3 Bd5 14. e4 a4 15. Qa2 Bxc4 16. Qxc4 Qa5 17. Rb1 Qa7 18. Be3 Rfc8 19. Qe2 b6 20. f4 Qa5 21. Bd2 Rab8 22. g4 c5 23. c4 Qa6 24. g5 Ne8 25. d5 exd5 26. Bh3 Rd8 27. exd5 Nd6 28. Rbc1 Nf8 29. Qe5 Ng6 30. Qc3 Re8 31. Rf3 Re4 32. Bf1 Rbe8 33. Bd3 R4e7 34. Qc2 Qc8 35. h3 Ne4 36. f5 Nh4 37. Rf4 Nxg5 38. Rxh4 Nf3+ 39. Kh1 Nxh4 40. Rg1 Nf3 41. Rg3 Nxd2 42. Qxd2 Qb8 43. Rxg7+ Kxg7 44. Qg5+ Kh8 45. Qf6+ Kg8 46. Qg5+ 1/2-1/2